| 000 | 02188nam0a2200421 4500 | ||
|---|---|---|---|
| 001 | RU\NLR\BIBL_A\022612613 | ||
| 005 | 20260420052722.0 | ||
| 010 | _a978-5-6050597-6-9 | ||
| 021 |
_aRU _bКН-П-25-040256 _9КН-П-25-3923 |
||
| 035 | _a(NLR Aleph) 022612613 | ||
| 090 |
_a13683301 _c13683301 |
||
| 100 | _a20250901d2025 u y0rusy50 ca | ||
| 101 | 0 | _arus | |
| 102 | _aRU | ||
| 105 | _aach z 000yy | ||
| 181 | 0 |
_ab3 _bbb2e |
|
| 181 | 0 |
_ai2 _baxxe |
|
| 182 | 0 | _an | |
| 200 | 1 |
_aДмитрий Краснопевцев. Из коллекции фонда Прометей _e[альбом произведений _fArt Foundation Prometheus _gсоставитель и автор текста Ирина Титунова] |
|
| 203 |
_aИзображение _aТекст _bвизуальные _cнепосредственные |
||
| 210 |
_aМосква _cФонд Прометей _d2025 |
||
| 215 |
_a88 с. _cил., цв. ил., портр. _d23x23 |
||
| 300 | _aЗагл. обл. и корешка: Дмитрий Краснопевцев | ||
| 320 | _aБиблиогр. в тексте | ||
| 512 | 1 | _aДмитрий Краснопевцев | |
| 600 | 1 |
_aКраснопевцев _bД. М. _f1925 - 1995 _gДмитрий Михайлович _jАльбомы _91170650 _3RU\NLR\AUTH\66469749 |
|
| 601 | 0 | 2 |
_a"Прометей", фонд искусств _cМосква, город _jАльбомы _xКоллекция изобразительного искусства _92683408 _3RU\NLR\AUTH\6601761872 |
| 686 | 1 | _aЩ101.3(2Р)-2Москва2"Прометей", фонд искусств я61 | |
| 686 | 1 | _aЩ143(2Р=Рус)7-8Краснопевцев я61 | |
| 686 | 1 | _aЩ153(2Р=Рус)7-8Краснопевцев я61 | |
| 700 | 1 |
_7ca _8rus _aКраснопевцев _bД. М. _f1925-1995 _gДмитрий Михайлович _9267716 _3RU\NLR\AUTH\770267772 |
|
| 702 | 1 |
_aТитунова _bИ. Б. _gИрина Борисовна _4220 |
|
| 711 | 0 | 2 |
_a"Прометей", фонд искусств _cМосква _92675357 _3RU\NLR\AUTH\880630542 |
| 942 | _cBOOK | ||
| 980 | _aNB | ||